Drugs Index (Record no. 3325)

MARC details
000 -LEADER
fixed length control field 00301nam a2200133Ia 4500
008 - FIXED-LENGTH DATA ELEMENTS--GENERAL INFORMATION
fixed length control field 230312s9999||||xx |||||||||||||| ||und||
082 ## - DEWEY DECIMAL CLASSIFICATION NUMBER
Classification number 615.36
Item number SOH-D
100 ## - MAIN ENTRY--PERSONAL NAME
Personal name Sohail;Nusrat
245 #0 - TITLE STATEMENT
Title Drugs Index
260 ## - PUBLICATION, DISTRIBUTION, ETC.
Name of publisher, distributor, etc. Health
Place of publication, distribution, etc. PK
Date of publication, distribution, etc. 1996
300 ## - PHYSICAL DESCRIPTION
Extent 475
650 ## - SUBJECT ADDED ENTRY--TOPICAL TERM
Topical term or geographic name entry element Pharmacy
Form subdivision Medicine
942 ## - ADDED ENTRY ELEMENTS (KOHA)
Koha item type BOOK
Holdings
Withdrawn status Lost status Source of classification or shelving scheme Damaged status Not for loan Home library Current library Date acquired Total Checkouts Full call number Barcode Date last seen Date last checked out Price effective from Koha item type
    Dewey Decimal Classification     Superior Information Resource Center (SIRC) Superior University- Main Campus Superior Information Resource Center (SIRC) Superior University- Main Campus 03/13/2023 1 615.36 SOH-D 3339 07/20/2023 07/20/2023 03/13/2023 BOOK

Powered by Koha